000 00679nam a2200265Ia 4500
003 OSt
005 20220912151547.0
006 a|||||r|||| 00| 0
007 ta
008 220909b |||||||| |||| 00| 0 eng d
024 _a38361
037 _cTextual
040 _aCSL
_beng
_cCSL
041 _aeng
082 _aG:6, J31;K4;4
100 _aDobzhansky T
245 0 _aGenetics and the origin of species
250 _aEd 3rd
260 _aCalcutta
_bOxford & IBH
_c1964
300 _a364p.
_ccm.
490 _aColumbia biological series; 11
650 _aGenetics
942 _hG:6, J31;K4;4
_cTEXL
_2CC
999 _c71365
_d71365